Click to Translate - Telugu - Statistics

General Stats
  • This quiz has been taken 574 times
    546 since last reset
  • The average score is 12 of 20
Answer Stats
Hint Answer % Correct
Hat టోపీ (Ṭōpī)
72%
Here ఇక్కడ (Ikkaḍa)
71%
Moon చంద్రుడు (Candruḍu)
69%
Music సంగీతం (Saṅgītaṁ)
68%
Yes అవును (Avunu)
67%
Where ఎక్కడ (Ekkaḍa)
66%
Fifteen పదిహేను (Padihēnu)
66%
Sugar చక్కెర (Cakkera)
64%
Welcome స్వాగతం (Svāgataṁ)
63%
We మేము (Mēmu)
60%
Winter శీతాకాలం (Śītākālaṁ)
58%
Doctor వైద్యుడు (Vaidyuḍu)
58%
Tomorrow రేపు (Rēpu)
57%
Please దయచేసి (Dayacēsi)
56%
House ఇల్లు (Illu)
56%
Mouth నోరు (Nōru)
53%
Fish చేప (Cēpa)
49%
Red ఎరుపు (Erupu)
49%
Garden తోట (Tōṭa)
47%
Lake సరస్సు (Sarassu)
44%
No matching quizzes found
Score Distribution
Percent of People with Each Score
Percentile by Number Answered
Your Score History
You have not taken this quiz since the last reset